Images That End in 'ING' Quiz Stats

 Plays Quiz Updated Aug 29, 2018

Score 0/24 Timer 04:00
0 Plays Today
Answer % Correct
Lightning
97%
Duckling
95.9%
Swing
95.3%
Wedding
94.7%
Wing
93.4%
Ceiling
93.1%
Spring
92.4%
Hawking
91.3%
Sling
88.6%
Wyoming
87.4%
Dumpling
83.4%
Sting
81.7%
Answer % Correct
Pudding
81.5%
Scaffolding
81.3%
Thanksgiving
78.9%
Awning
75.9%
Painting
73.8%
Meeting
71.9%
Sapling
70.4%
Icing
69.9%
Ming
62.6%
Hamstring
61.5%
Beijing
53%
Viking
46.6%

You're not logged in!

Compare scores with friends on all Sporcle quizzes.
OR
Log In

Sporcle TV

Today on Sporcle TV


Watch our educational content, quiz creation guides, and fun videos on Sporcle TV.

Show Comments

Extras

Top Quizzes Today


Score Distribution

Your Account Isn't Verified!

In order to create a playlist on Sporcle, you need to verify the email address you used during registration. Go to your Sporcle Settings to finish the process.

Report this User

Report this user for behavior that violates our Community Guidelines.

Details: